Normal view
MARC view
- Warner, Cecil Francis
Entry Personal Name
001 - CONTROL NUMBER
- control field: 41030
003 - CONTROL NUMBER IDENTIFIER
- control field: NUST
005 - DATE AND TIME OF LATEST TRANSACTION
- control field: 20210314131940.0
008 - FIXED-LENGTH DATA ELEMENTS
- fixed length control field: 210314|| aca||aabn | a|a d
040 ## - CATALOGING SOURCE
- Original cataloging agency: NUST
- Transcribing agency: NUST
100 ## - HEADING--PERSONAL NAME
- Personal name: Warner, Cecil Francis
670 ## - SOURCE DATA FOUND
- Source citation: Work cat.: (NUST): Messersmith, Charles William. 41028, Mechanical engineering laboratory, [c.1950]
